00622nam a2200181 a 450000100060000000300090000600800410001502000150005604000280007108200090009910000290010824500460013726000230018330000090020650501580021565000330037365000340040622987CO-ViMGA141112s2004 ck r 000 u spa d a972-745996 aCO-ViMGAbspacCO-ViMGA04aGARj1 aGarrido Leccia, Hermàn10aJohn - John, El dragòn del lagotiticaca aColombia : bNorma a62p. aComo trataban a magos y emisarios que llegan en buscan de jhon - jhon, Se va a la amazonia, La hora de la verdad, De quien soy yo, La hora de la verdad14aCUENTOS INFANTILES PERUANOS 14aDRAGONES - CUENTOS INFANTILES